| 000 | 00509cam a22002051 4500 | ||
|---|---|---|---|
| 001 | sa 68004723 | ||
| 003 | DLC | ||
| 005 | 20260227112503.0 | ||
| 008 | 881102m19679999xx 000 0 hino | ||
| 010 | _asa 68004723 | ||
| 035 | _a(OCoLC)23539248 | ||
| 040 |
_aDLC _cMiU _dDLC |
||
| 042 | _apremarc | ||
| 050 | 0 | 0 |
_aPK1939 _b.N5 |
| 100 | 0 |
_aNigamanand, _cSwami, _d1915- |
|
| 245 | 1 | 0 | _aRāshṭrabhāshā kā śuddha rūpa. |
| 260 | _c[1967-] | ||
| 300 |
_av. _c22 cm. |
||
| 650 | 0 |
_aHindi language _xIdioms. |
|
| 999 |
_c80294 _d80294 |
||